Panorama de la inserción internacional de América Latina y el Caribe, 2010-2011. La región en la década de las economías emergentes
Gardado en:
| Autor Corporativo: | |
|---|---|
| Formato: | Libro |
| Idioma: | Lingua castelá |
| Publicado: |
Santiago
Naciones Unidas
2011
|
| Edición: | 1a. ed |
| Subjects: | |
| Tags: |
Engadir etiqueta
Sen Etiquetas, Sexa o primeiro en etiquetar este rexistro!
|
MARC
| LEADER | 00000cam a2200000 a 4500 | ||
|---|---|---|---|
| 001 | UCF1243 | ||
| 003 | CL-VaPUC | ||
| 008 | 120629e20110000CL |||||||||||||||||spa|d | ||
| 020 | |a 9789211217995 | ||
| 082 | 0 | 4 | |a 330.98 |b CEP |2 21 |
| 110 | 2 | |a CEPAL |e author |9 562835 | |
| 245 | 1 | 0 | |a Panorama de la inserción internacional de América Latina y el Caribe, 2010-2011. La región en la década de las economías emergentes |
| 250 | |a 1a. ed | ||
| 300 | |a 135 p | ||
| 942 | |c BK | ||
| 945 | |d 20120629 00:00:00 |a cmena | ||
| 260 | |a Santiago |b Naciones Unidas |c 2011 | ||
| 650 | 0 | |a Desarrollo económico y social |9 256320 | |
| 650 | 7 | |a COMERCIO INTERNACIONAL |2 CL-VaPUC |9 562836 | |
| 650 | 0 | |a Integración económica |9 255024 | |
| 650 | 0 | |a Tratados internacionales |9 256056 | |
| 650 | 0 | |a Cooperación internacional |9 255447 | |
| 583 | |a last modification |c 20130108 11:46:55 |k Rodrigo Vera | ||
| 999 | |c 348128 |d 348126 | ||
| 952 | |0 0 |1 0 |4 0 |6 330_980000000000000_CEP_2011 |7 0 |8 A |9 450019 |a BIBGIM |b BIBGIM |d 2019-11-22 |i 4843916 |o 330.98 CEP 2011 |p 4843916 |r 2025-01-15 |w 2019-11-22 |y BK |k GIM | ||